01597nam a2200409 i 4500001000700000003000800007005001700015006001900032007001500051008004100066020002700107035002300134035002400157035002500181035002100206040003100227050002200258080001000280082001600290245017900306264010700485300004100592336003100633337003300664338004300697504002900740588012900769650002300898650002400921650002200945650001600967651001400983655002700997700003901024700006201063856006201125125588FlNmELB20241217175838.0m o d | cr cnu||||||||160912s2015 mx ob 000 0 spa d a9786079361761 (e book) a(MiAaPQ)EBC4626404 a(Au-PeEL)EBL4626404 a(CaPaEBR)ebr11245214 a(OCoLC)984811780 aFINmELBbspaerdacFINmELB 4aJC591bM4915 2015 a323.20 a323.44322300aMedios de comunicación y derecho a la información en Jalisco, 2014 /ccoordinación de María Magdalena Sofía Paláu Cardona ; presentación de J.M.A. Narro Monroy. 1aGuadalajara, México :bITESO - Instituto Tecnológico y de Estudios Superiores de Occidente,c2015. a1 recurso en línea (206 páginas) atextobtxt2rdacontent/spa acomputadorabc2rdamedia/spa arecurso en líneabcr2rdacarrier/spa aContiene bibliografía. aDescripción basada en recurso en línea; Título de la página del título en PDF (e-libro, visto September 12, 2016). 0aFreedom of speech. 0aJournalismzMexico. 0aWork environment. 4aPeriodismo. 4aMéxico. 4aLibros electrónicos.1 aNarro Monroy, J.M.A,eprologuista.1 aPaláu Cardona, María Magdalena Sofía,ecoordinador.40uhttps://elibro.net/ereader/politecnicointernacional/41092